|
|
|
|
| LEADER |
00000naa2a2200000 4500 |
| 001 |
604573 |
| 005 |
20260213155658.0 |
| 035 |
|
|
|a (RuTPU)RU\TPU\conf\1851
|
| 035 |
|
|
|a RU\TPU\conf\47
|
| 090 |
|
|
|a 604573
|
| 100 |
|
|
|a 20140312d2013 k y0rusy50 ca
|
| 101 |
0 |
|
|a rus
|
| 102 |
|
|
|a RU
|
| 135 |
|
|
|a arnn ---uucaa
|
| 181 |
|
0 |
|a i
|
| 182 |
|
0 |
|a b
|
| 200 |
1 |
|
|a ТПУ: от лучших практик в стране к лучшим университетам в мире
|f П. С. Чубик
|
| 203 |
|
|
|a Текст
|c электронный
|
| 225 |
1 |
|
|a Пленарные доклады
|
| 300 |
|
|
|a Заглавие с экрана
|
| 337 |
|
|
|a Adobe Reader
|
| 461 |
|
1 |
|0 (RuTPU)RU\TPU\conf\37
|t Проблемы геологии и освоения недр
|o труды XVII Международного симпозиума имени академика М. А. Усова студентов и молодых ученых, Томск, 1-5 апреля 2013 г.
|o в 2 т.
|f Национальный исследовательский Томский политехнический университет (ТПУ), Институт природных ресурсов (ИПР) ; Общество инженеров-нефтяников, Студенческий чаптер ; под ред. А. Ю. Дмитриева
|d 2013
|
| 463 |
|
1 |
|0 (RuTPU)RU\TPU\conf\38
|t Т. 1
|v [С. 25-32]
|d 2013
|
| 601 |
0 |
2 |
|a Национальный исследовательский Томский политехнический университет (ТПУ)
|c (2009- )
|2 stltpush
|3 (RuTPU)RU\TPU\col\15902
|
| 610 |
1 |
|
|a труды учёных ТПУ
|
| 610 |
1 |
|
|a электронный ресурс
|
| 610 |
1 |
|
|a университеты
|
| 610 |
1 |
|
|a высшее профессиональное образование
|
| 610 |
1 |
|
|a программы развития
|
| 610 |
1 |
|
|a инновационная деятельность
|
| 610 |
1 |
|
|a научная деятельность
|
| 610 |
1 |
|
|a бизнес-инкубаторы
|
| 610 |
1 |
|
|a конкурентоспособность
|
| 610 |
1 |
|
|a образовательные стандарты
|
| 700 |
|
1 |
|a Чубик
|b П. С.
|c российский геолог
|c профессор, ректор Томского политехнического университета (с 2008 г.)
|f 1954-
|g Петр Савельевич
|3 (RuTPU)RU\TPU\pers\24546
|
| 712 |
0 |
2 |
|a Национальный исследовательский Томский политехнический университет (ТПУ)
|b Институт природных ресурсов (ИПР)
|b Кафедра бурения скважин (БС)
|3 (RuTPU)RU\TPU\col\18666
|
| 712 |
0 |
2 |
|a Национальный исследовательский Томский политехнический университет (ТПУ)
|b Институт социально-гуманитарных технологий (ИСГТ)
|b Кафедра организации и технологии высшего профессионального образования (ОТВПО)
|3 (RuTPU)RU\TPU\col\19273
|
| 801 |
|
2 |
|a RU
|b 63413507
|c 20140326
|g RCR
|
| 856 |
4 |
|
|u http://www.lib.tpu.ru/fulltext/c/2013/C11/V1/001.pdf
|
| 942 |
|
|
|c CF
|